000 00492nam a22001817a 4500
003 OSt
005 20260413024602.0
008 260413b |||||||| |||| 00| 0 eng d
020 _a0-671-49866-5.
040 _aDWC-Main lib.
_cOC
082 _aFic. M649d 1983
100 _aMiller, Linda Lael
245 _aDesire and destiny/
_cLinda Lael Miller
260 _aNew York :
_bPocket Books,
_cc1983.
300 _a310 p. ;
_c17 cm.
650 _a1. Fiction.
942 _2ddc
_cFIC.
_hFic.
_n0
999 _c9371
_d9371